Money and Capital Markets : Financial Institutions and Instruments in a Global Marketplace. (Record no. 3127)

MARC details
005 - DATE AND TIME OF LATEST TRANSACTION
control field 20250604074137.0
020 ## - INTERNATIONAL STANDARD BOOK NUMBER
International Standard Book Number 0-07-248676-7
082 ## - DEWEY DECIMAL CLASSIFICATION NUMBER
Classification number TEA. LECT 332.1 ROS
100 ## - MAIN ENTRY--PERSONAL NAME
Author name ROSE, P. S.
245 ## - TITLE STATEMENT
Title Money and Capital Markets : Financial Institutions and Instruments in a Global Marketplace.
250 ## - EDITION STATEMENT
Edition statement 8th Ed
260 ## - PUBLICATION, DISTRIBUTION, ETC.
Place of publication, distribution, etc. New York,
Name of publisher, distributor, etc. McGraw-Hill,
Date of publication, distribution, etc. 2003.
300 ## - PHYSICAL DESCRIPTION
Extent xxvi, 789p.: ill.;
Other physical details Index
Dimensions 26cm.
856 ## - ELECTRONIC LOCATION AND ACCESS
Link text Access Online Book
Electronic name Markets
Path www.mhhe.com
942 ## - ADDED ENTRY ELEMENTS (KOHA)
Source of classification or shelving scheme Dewey Decimal Classification
Koha item type Books

No items available.